Predaj a kúpa podnikov z hľadiska dane z príjmov fyzických osôb
Podrobnejší výklad problematiky právnej úpravy stanovenia základu dane z príjmov z predaja podniku v zmysle par. 23 ods. 15 zákona o daniach z príjmov. Predaj podniku fyzickej osoby účtujúcej v jednoduchom účtovníctve. Kúpa podniku fyzickou osobou účtujúcou v jednoduchom účtovníctve. Ilustračné prík...
Salvato in:
| Autore principale: | |
|---|---|
| Natura: | Capitolo di libro |
| Lingua: | slovacco |
| Soggetti: | |
| Tags: |
Nessun Tag, puoi essere il primo ad aggiungerne!!
|
MARC
| LEADER | 00000naa a2200000 4500 | ||
|---|---|---|---|
| 001 | r035781 | ||
| 005 | 20230912113434.6 | ||
| 041 | 0 | |a slo | |
| 044 | |a SK | ||
| 245 | 1 | 0 | |a Predaj a kúpa podnikov z hľadiska dane z príjmov fyzických osôb |c Valéria Jarinkovičová |
| 520 | |a Podrobnejší výklad problematiky právnej úpravy stanovenia základu dane z príjmov z predaja podniku v zmysle par. 23 ods. 15 zákona o daniach z príjmov. Predaj podniku fyzickej osoby účtujúcej v jednoduchom účtovníctve. Kúpa podniku fyzickou osobou účtujúcou v jednoduchom účtovníctve. Ilustračné príklady. | ||
| 610 | 2 | 0 | |a dane z príjmov |
| 610 | 2 | 0 | |a podnik |
| 610 | 2 | 0 | |a predaj |
| 610 | 2 | 0 | |a kúpa |
| 610 | 2 | 0 | |a osoby fyzické |
| 610 | 2 | 0 | |a účtovníctvo jednoduché |
| 610 | 2 | 0 | |a základ dane |
| 610 | 2 | 0 | |a úpravy právne |
| 100 | 1 | |a Jarinkovičová, Valéria | |